00758nam a2200157 a 450000100060000000300090000600800410001504000280005608200170008410000290010124500500013026000320018030000080021250503200022065000600054022668CO-ViMGA141112s2004 ck r 000 u spa d aCO-ViMGAbspacCO-ViMGA04a341.26 R637l1 aRodriguez, Julio Armando10aLa legitimidad en el estado social de derecho aBogotá` : bLeyer, c1998 a132 aAspectos teoricos conceptuales sobre la legitimidad 13 - 33 - - El concepto de estado social 35 - 47 - - Estado social de derecho y estado de derecho 53 - 61 - - La corrupcion como factor de ilegitimidad 67 - - La ineficiencia del estado como factor de ilegitimidad 83 - - Legitimidad y derechos fundamentales 101 14aLEGITIMIDAD DE LOS GOBIERNOS - ESTADO SOCIAL DE DERECHO